Voie de soigne portative et semi-portative a pose rapide système breveté en tous pays (Record no. 83138)

MARC details
000 -LEADER
campo de control de longitud fija 00729nam a2200169 i 4500
001 - NÚMERO DE CONTROL
campo de control 83138
003 - IDENTIFICADOR DE NÚMERO DE CONTROL
campo de control ES-MaACL
005 - FECHA Y HORA DE LA ÚLTIMA TRANSACCIÓN
campo de control 20230906174802.0
007 - CAMPO FIJO DE DESCRIPCIÓN FÍSICA--INFORMACIÓN GENERAL
campo de control de longitud fija t|
008 - DATOS DE LONGITUD FIJA--INFORMACIÓN GENERAL
campo de control de longitud fija 180606q18801890be ||||1| fre d
110 2# - ENTRADA PRINCIPAL--NOMBRE DE ENTIDAD CORPORATIVA
Nombre de entidad corporativa o nombre de jurisdicción como elemento de entrada H. de Ville-Chatel & Cie.
9 (RLIN) 164912
245 10 - MENCIÓN DEL TÍTULO
Título Voie de soigne portative et semi-portative a pose rapide système breveté en tous pays
Resto del título : matériel roulant pour chantiers, exploitations et industries /
Mención de responsabilidad, etc. H. de Ville-Chatel & Cie, ateliers de constructions mécaniques, chaudronnerie, fonderie...
260 ## - PUBLICACIÓN, DISTRIBUCIÓN, ETC.
Lugar de publicación, distribución, etc. [Belgique? :
Nombre del editor, distribuidor, etc. s.n.,
Fecha de publicación, distribución, etc. 188-?] (
Fabricante P. Weissembruch)
300 ## - DESCRIPCIÓN FÍSICA
Extensión VIII, 68 p. :
Otras características físicas il. ;
Dimensiones 32 cm.
650 #4 - PUNTO DE ACCESO ADICIONAL DE MATERIA--TÉRMINO DE MATERIA
Término de materia o nombre geográfico como elemento de entrada Industria ferroviaria-
Subdivisión de forma Catálogos comerciales.
9 (RLIN) 164913
852 ## - LOCALIZACIÓN
Ubicación ES-MaACL
Número de control de estantería T-502-F-16
Holdings
Estatus retirado Estado de pérdida Estado de daño No para préstamo Colección Biblioteca de origen Biblioteca actual Ubicación en estantería Fecha de adquisición Fuente de adquisición Total de préstamos Signatura topográfica completa Código de barras Visto por última vez Precio de reemplazo Tipo de ítem Koha
        Colección de folletos Biblioteca del Ateneo de Madrid Biblioteca del Ateneo de Madrid Depósito folletos 06/06/2018     T-502-F-16 1198952 23/02/2023 23/02/2023 Folleto